Detalles MARC
| 000 -CABECERA |
| campo de control de longitud fija |
01164nam a2200265 a 4500 |
| 001 - NÚMERO DE CONTROL |
| campo de control |
000041244 |
| 005 - FECHA Y HORA DE LA ÚLTIMA TRANSACCIÓN |
| campo de control |
20201002034726.0 |
| 008 - DATOS DE LONGITUD FIJA--INFORMACIÓN GENERAL |
| campo de control de longitud fija |
130930s2001 sp 001 0 spa d |
| 020 ## - NÚMERO INTERNACIONAL ESTÁNDAR DEL LIBRO |
| Número Internacional Estándar del Libro |
8400080165 (v.1) |
| 020 ## - NÚMERO INTERNACIONAL ESTÁNDAR DEL LIBRO |
| Número Internacional Estándar del Libro |
8400080157 (v.2) |
| 040 ## - FUENTE DE LA CATALOGACIÓN |
| Centro catalogador/agencia de origen |
DO-SdBNP |
| Lengua de catalogación |
spa |
| Centro/agencia transcriptor |
BNPHU |
| 100 1# - ENTRADA PRINCIPAL--NOMBRE DE PERSONA |
| Nombre de persona |
García-Bellido, María Paz |
| 9 (RLIN) |
67830 |
| 245 10 - MENCIÓN DE TÍTULO |
| Título |
Diccionario de cecas y pueblos hispánicos : |
| Resto del título |
con una introducción a la numismática antigua de la Península Ibérica / |
| Mención de responsabilidad, etc. |
Paz García-Bellido y Cruces Blázquez ; con la colaboración de José Antonio Matador, Encarnación González e Isabel Rodríguez. |
| 260 ## - PUBLICACIÓN, DISTRIBUCIÓN, ETC. |
| Lugar de publicación, distribución, etc. |
Madrid : |
| Nombre del editor, distribuidor, etc. |
Consejo Superior de Investigaciones Científicas, |
| Fecha de publicación, distribución, etc. |
2001. |
| 300 ## - DESCRIPCIÓN FÍSICA |
| Extensión |
v. : |
| Otras características físicas |
il., gráf., mapas ; |
| Dimensiones |
28 cm. |
| 490 1# - MENCIÓN DE SERIE |
| Mención de serie |
Textos universitarios |
| Designación de volumen o secuencia |
35 |
| 500 ## - NOTA GENERAL |
| Nota general |
La biblioteca posee el v. 1-2 |
| 504 ## - NOTA DE BIBLIOGRAFÍA, ETC. |
| Nota de bibliografía, etc. |
Bibliografía: p. 210 - 234 |
| 505 0# - NOTA DE CONTENIDO CON FORMATO |
| Información miscelánea |
v. 2 |
| Título |
Catálogo de Cecas y pueblos |
| 700 1# - PUNTO DE ACCESO ADICIONAL--NOMBRE DE PERSONA |
| Nombre de persona |
Blázquez, Cruces |
| 9 (RLIN) |
67831 |
| 700 1# - PUNTO DE ACCESO ADICIONAL--NOMBRE DE PERSONA |
| Nombre de persona |
Matador, José Antonio |
| Término indicativo de función/relación |
cool. |
| 9 (RLIN) |
67832 |
| 700 1# - PUNTO DE ACCESO ADICIONAL--NOMBRE DE PERSONA |
| Nombre de persona |
Gozzález, Encarnación |
| 9 (RLIN) |
67833 |
| 710 2# - PUNTO DE ACCESO ADICIONAL--NOMBRE DE ENTIDAD CORPORATIVA |
| Nombre de entidad corporativa o nombre de jurisdicción como elemento de entrada |
Consejo Superior de Investigaciones Científicas |
| 9 (RLIN) |
4786 |
| 830 #0 - PUNTO DE ACCESO ADICIONAL DE SERIE-TÍTULO UNIFORME |
| Título uniforme |
Textos universitarios ; |
| Número de parte o sección de la obra |
30 |
| 9 (RLIN) |
67487 |